AHLI FORENSIK

Bibliographic Details
Main Author: Faizah Razak (Author)
Format: Book
Published: Cheras, Selangor : TINTA SAKTI ENTERPRISE 2019
Series:Siri cita-cita saya
Subjects:

MARC

LEADER 00000cam a2200000 7i4500
001 0000135774
005 20200211.0
008 200211s2019 my a g 0 f bm
020 |a 9789670684420 
040 |a PERPUSTAM   |b eng   |c PERPUSTAM   |e rda 
090 0 0 |a J 899.2333   |b FAI 
100 0 |a Faizah Razak ,   |e author 
245 1 0 |a AHLI FORENSIK   |c Faizah Razak 
264 1 |a Cheras, Selangor :   |b TINTA SAKTI ENTERPRISE   |c 2019 
300 |a 32 pages :   |b colour illustrations ;   |c 26 cm. 
336 |a text, rdacontent 
337 |a unmediated  |2 rdamedia 
338 |a volume  |2 rdacarrier 
490 1 |a Siri Cita-Cita Saya 
650 1 0 |a Children's stories, Malay 
650 2 0 |a Didactic fiction, Malay 
650 2 0 |a Occupations   |x Juvenile literature 
830 0 |a Siri cita-cita saya 
999 |a 0000640747   |b Buku   |c Koleksi Pinjaman Kanak-Kanak   |e Perbadanan Perpustakaan Awam Melaka 
999 |a 0000640748   |b Buku   |c Koleksi Pinjaman Kanak-Kanak   |e Perpustakaan Cawangan Jasin 
999 |a 0000640749   |b Buku   |c Koleksi Pinjaman Kanak-Kanak   |e Perpustakaan Cawangan Masjid Tanah 
999 |a 0000640750   |b Buku   |c Koleksi Pinjaman Kanak-Kanak   |e Perpustakaan Cawangan Merlimau 
999 |a 0000640751   |b Buku   |c Koleksi Pinjaman Kanak-Kanak   |e Perbadanan Perpustakaan Awam Melaka 
999 |a 0000640752   |b Buku   |c Koleksi Pinjaman Kanak-Kanak   |e Perbadanan Perpustakaan Awam Melaka 
999 |a 0000640753   |b Buku   |c Koleksi Pinjaman Kanak-Kanak   |e Perpustakaan Komuniti UTC Melaka 
999 |a 0000640754   |b Buku   |c Koleksi Pinjaman Kanak-Kanak   |e Perbadanan Perpustakaan Awam Melaka 
999 |a 0000640755   |b Buku   |c Koleksi Pinjaman Kanak-Kanak   |e Perbadanan Perpustakaan Awam Melaka 
999 |a 0000640756   |b Buku   |c Koleksi Pinjaman Kanak-Kanak   |e PK Aeon Jaya Jusco 
999 |a 0000640757   |b Buku   |c Koleksi Pinjaman Kanak-Kanak   |e Perbadanan Perpustakaan Awam Melaka